000 00322nam a2200133Ia 4500
005 20260326235456.0
008 260326s9999||||xx |||||||||||||| ||und||
100 _aMarotta, Antonello
245 0 _aDaniel Libeskind /
_cAntonello Marotta
260 _bEdil Stampa
300 _a191 p.
650 _aARQUITECTOS
942 _cBK
999 _c7932
_d7932